000 02339nam a2200385 c 4500
003 PE-LiUPU
005 20251125174927.0
008 200925s2020 sp a | |||| 000 0 spa
020 _a9788498288056
040 _aSpMaBN
_bspa
_cPE-LiUPU
_erda
_dPE-LiUPU
041 1 _aspa
_hita
082 _223
_a712
_bT713p
100 1 _aTosco, Carlo
_eautor.
245 1 3 _aEl paisaje como historia /
_cCarlo Tosco ; traducción, Emilio Martín Gutiérrez
264 1 _aCádiz (España)
_bEditorial UCA, Universidad de Cádiz,
_c2020.
300 _a154 páginas, 10 páginas de láminas sin numerar :
_bilustraciones (color) ;
_c24 cm
336 _aTexto
_2rdacontent
337 _asin mediación
_2rdamedia
338 _avolumen
_2rdacarrier
490 0 _aColección Poliédrica. Paisaje y cultura ;
_v4
504 _aBibliografía: páginas 209-234129-154
505 _aLos paisajes del arte -- Éxitos de un género pictórico -- El nombre y la cosa -- La mirada del pintor y la medida del cartógrafo -- Nuevas fronteras -- La época romántica -- La obra de arte y su entorno -- Paisajes de la ciencia -- La historia descubre los paisajes -- Tentaciones del determinismo Las estructuras del territorio -- ¿Dónde está Bélgica? La nueva geografía regional -- El territorio como sedimento histórico -- El paisaje de los Annales -- Aportaciones de la arqueología -- El paisaje como forma de trabajo – Lecturas estructurales – La revancha de la forma – Las razones de la estética – Imágenes medioambientales – Paisajes construidos – Geografías culturales – Ecohistorias y microhistorias – Para una historia de los paisajes – La unidad de los fenómenos locales – Historia del territorio e historia del paisaje – La ampliación de las fuentes – La forma ambiental – Historia y puesta en valor.
526 _aP158
526 _aP146
526 _aP17
526 _aP12
526 _aP06
650 1 7 _aNaturaleza (Estética)
_2embne
650 2 7 _aArte
_vHistoria
_2embne
650 2 7 _aPaisaje
_xEn el arte
_2embne
700 1 _aMartín Gutiérrez, Emilio
_d1963-
_etraductor
942 _2ddc
_cBK
980 _818226
_gJaime Vilcazán Jefe de Análisis Documental
999 _c62125
_d62124